| 000 | 00877nab a2200253 u 4500 | ||
|---|---|---|---|
| 001 | 15963 | ||
| 003 | HDC | ||
| 007 | cr bn ---aaaaa | ||
| 008 | 210220c |r|noo 0 a d | ||
| 040 | _aHDC | ||
| 100 |
_aGangal, Neeraj, _eauthor _915939 |
||
| 245 | 0 |
_aNew online guide launched for 'halal' travellers / _cby Neeraj Gangal |
|
| 260 |
_aUnited Arab Emirates _bITP Media Group, _c2010 |
||
| 336 |
_atext _2rdacontent |
||
| 337 |
_acomputer _2rdamedia |
||
| 338 |
_aonline resource _2rdacarrier |
||
| 650 |
_aTourism industry _92298 |
||
| 650 |
_aTourism _xReligious aspect _xIslam _911819 |
||
| 710 | _aHotelier Middle East | ||
| 856 | _zRequest full-text at [email protected] | ||
| 942 | _2lcc | ||
| 942 | _cNEWS | ||
| 942 | _kNWSO 004780 | ||
| 999 |
_c13279 _d13279 |
||